Disappointing TV Show Endings Quiz Stats

Quiz Updated Jul 5, 2015

Challenge
Share
Tweet
Embed
Score 0/13 Timer 03:00
1 Play Today
% Correct
LOST
85.5%
3rd Rock From the Sun
80.2%
ALF
74%
How I Met Your Mother
71.9%
Seinfeld
71.6%
Sopranos
69%
Dinosaurs
66.5%
Roseanne
59.1%
Dexter
56.2%
Twin Peaks
50.6%
St. Elsewhere
45.3%
Little House on the Prairie
42.3%
Dallas
22%

You're not logged in!

Compare scores with friends on all Sporcle quizzes.
Join for Free
OR
Log In

You Might Also Like...

Show Comments

Extras

Top Quizzes Today


Score Distribution

Your Account Isn't Verified!

In order to create a playlist on Sporcle, you need to verify the email address you used during registration. Go to your Sporcle Settings to finish the process.

Report this User

Report this user for behavior that violates our Community Guidelines.

Details: